00309nam a2200121Ia 45000030006000000080041000060400015000471000023000622450064000852600009001495460012001580050017001700STCL150530s9999 xx 000 0 und d aSTCLcSTCL aDorothy Sayers, L. aGreat short stories of detection mystery and horror part-II c1952 aEnglish20220125170650.0